Statistics for Airlines Based in Vietnam

Click here to take the quiz!

General Stats

  • This quiz has been taken 117 times
  • The average score is 4 of 5

Answer Stats

FoundedDestinationsAirline% Correct
198964Vietnam Airlines
98%
200746VietJet Air
88%
201729Bamboo Airways
83%
200822Jetstar Airways
65%
20196Vietravel Airlines
38%

Score Distribution

Percentile by Number Answered

Percent of People with Each Score

Your Score History

You have not taken this quiz